[Event "14th Asian Cities"]
[Site "Tagaytay City"]
[Date "2004.03.24"]
[Round "6"]
[White "Nadera, Barlo A"]
[Black "Irzhanov, Ruslan"]
[Result "1-0"]
[WhiteElo "2390"]
[BlackElo "2501"]
[PlyCount "107"]
[EventDate "2004.03.21"]
[Source "Roberto Alvarez"]
[SourceDate "2004.03.29"]

1. d4 g6 2. c4 Bg7 3. Nc3 d6 4. e4 Nf6 5. Be2 O-O 6. Be3 e5 7. d5 Nbd7 8. h3 Nc5 9. Qc2 c6 10. Nf3 cxd5 11. cxd5 Ne8 12. b4 Na6 13. a3 f5 14. O-O Nac7 15. Rfc1 Kh8 16. b5 fxe4 17. Nd2 Nf6 18. Qb3 b6 19. a4 Bb7 20. Bc4 h6 21. Rd1 Nce8 22. Ndxe4 Rf7 23. Bd3 Ng8 24. a5 Ne7 25. a6 Bc8 26. Ne2 Nf5 27. Bd2 Bd7 28. Rac1 Nh4 29. Bb1 Nf5 30. Rc3 Qe7 31. Bd3 Qh4 32. Rc4 Qe7 33. Rdc1 Rf8 34. R4c3 Qf7 35. Bc4 Nh4 36. Rf1 Rc8 37. Qb4 Bf5 38. N2g3 Qd7 39. Kh2 Qe7 40. Rfc1 Bd7 41. R3c2 Nf5 42. Bd3 Ra8 43. Ne2 Kh7 44. Rc4 Qf7 45. R4c3 Nd4 46. N2g3 Qe7 47. Rc7 Nxc7 48. Rxc7 Qd8 49. Qxd6 Nxb5 50. Ng5+ hxg5 51. Qxg6+ Kg8 52. Qh7+ Kf7 53. Bg6+ Ke7 54. Bb4+ 1-0

[Event "Peer Gynt"]
[Site "Gausdal NOR"]
[Date "1994.??.??"]
[Round "3"]
[White "Kumaran, Dharshan"]
[Black "Hoi, Carsten"]
[Result "1-0"]
[WhiteElo "2465"]
[BlackElo "2425"]
[PlyCount "47"]
[EventDate "1994.07.??"]
[Source "www.chesslib.no"]
[SourceDate "2004.05.04"]

1. d4 Nf6 2. c4 g6 3. Nc3 Bg7 4. e4 d6 5. Be2 O-O 6. Be3 c6 7. Nf3 a6 8. h3 b5 9. e5 Nfd7 10. exd6 exd6 11. O-O Nf6 12. Bf4 Bf5 13. Rc1 Re8 14. Re1 Ra7 15. a3 Rae7 16. Qd2 Be4 17. Nxe4 Nxe4 18. Qc2 Nd7 19. Bd3 Ndf6 20. cxb5 axb5 21. Qxc6 Qa5 22. Bxe4 Nxe4 23. Rxe4 Rxe4 24. Qxe4 1-0

[Event "Werfen Open"]
[Site "Werfen"]
[Date "1995.??.??"]
[Round "9"]
[White "Parker, Jonathan"]
[Black "Zontakh, Andrey"]
[Result "1/2-1/2"]
[WhiteElo "2400"]
[BlackElo "2460"]
[PlyCount "32"]
[EventDate "1995.09.??"]
[Source "www.chesslib.no"]
[SourceDate "2004.05.04"]

1. d4 Nf6 2. c4 g6 3. Nc3 Bg7 4. e4 d6 5. Be2 O-O 6. Be3 c5 7. e5 dxe5 8. dxe5 Qxd1+ 9. Rxd1 Ng4 10. Bxc5 Nxe5 11. f4 Nec6 12. Nf3 Na6 13. Bf2 b6 14. O-O Bb7 15. Nd4 Nxd4 16. Bxd4 Rfd8 1/2-1/2

[Event "Open"]
[Site "Werfen op"]
[Date "1995.??.??"]
[Round "9"]
[White "Parker, Jonathan"]
[Black "Zontakh, Andrey"]
[Result "1/2-1/2"]
[WhiteElo "2400"]
[BlackElo "2460"]
[PlyCount "32"]
[EventDate "1995.??.??"]
[Source "www.chesslib.no"]
[SourceDate "2004.05.04"]

1. d4 Nf6 2. c4 g6 3. Nc3 Bg7 4. e4 d6 5. Be2 O-O 6. Be3 c5 7. e5 dxe5 8. dxe5 Qxd1+ 9. Rxd1 Ng4 10. Bxc5 Nf6 11. e6 b6 12. Nh3 Na6 13. Bd6 Bb7 14. Bg3 Bf3 15. Bd6 Be4 16. Kd2 Nd7 1/2-1/2

[Event "Ostende op"]
[Site "Ostende"]
[Date "1991.??.??"]
[Round "4"]
[White "Sadler, Matthew"]
[Black "Bouaziz, Slim"]
[Result "1-0"]
[WhiteElo "2480"]
[BlackElo "2375"]
[PlyCount "71"]
[EventDate "1991.09.??"]
[Source "ChessBase"]

1. d4 Nf6 2. c4 g6 3. Nc3 Bg7 4. e4 d6 5. Be2 O-O 6. Be3 e5 7. d5 c6 8. g4 cxd5 9. cxd5 Na6 10. g5 Ne8 11. h4 f5 12. Nf3 Nc5 13. Nd2 Na6 14. Nc4 Bd7 15. a4 f4 16. Bd2 Rf7 17. Nb5 Bf8 18. b4 Nac7 19. Nxc7 Qxc7 20. Rc1 Qd8 21. b5 Rc8 22. Bb4 h6 23. Rg1 hxg5 24. hxg5 Be7 25. Bf3 Rh7 26. Ke2 b6 27. Qb3 Kh8 28. Qa3 Bh3 29. Rh1 Rc7 30. Nxe5 dxe5 31. Rxc7 Qxc7 32. Bxe7 Qc2+ 33. Ke1 Kg8 34. d6 Bg2 35. Rxh7 Bxf3 36. Qxf3 1-0

[Event "Isle of Man Open"]
[Site "Isle of Man IOM"]
[Date "1993.??.??"]
[Round "?"]
[White "Kumaran, Dharshan"]
[Black "Howell, James C"]
[Result "1-0"]
[WhiteElo "2385"]
[BlackElo "2470"]
[PlyCount "77"]
[EventDate "1993.??.??"]
[Source "www.chesslib.no"]
[SourceDate "2004.05.04"]

1. d4 Nf6 2. c4 g6 3. Nc3 Bg7 4. e4 d6 5. Be2 O-O 6. Be3 e5 7. d5 a5 8. g4 Na6 9. g5 Nd7 10. h4 f5 11. f3 Ndc5 12. Nh3 Bd7 13. Nf2 Qe8 14. Nd3 Nxd3+ 15. Qxd3 Nc5 16. Qc2 Rf7 17. O-O-O b6 18. h5 f4 19. Bf2 Bf8 20. hxg6 hxg6 21. Rh2 Rh7 22. Rxh7 Kxh7 23. Rh1+ Kg7 24. Bxc5 bxc5 25. Bf1 Be7 26. Qh2 Qh8 27. Qg1 Qd8 28. Bh3 Bxh3 29. Rxh3 Bxg5 30. Qh1 Qg8 31. Nb5 Bd8 32. Rh2 Rb8 33. Qg2 Kf8 34. Qg4 Ke8 35. Rh6 Kf7 36. Qd7+ Be7 37. Nxc7 Rd8 38. Qe6+ Kg7 39. Rxg6+ 1-0

[Event "Aix les Bains"]
[Site "Aix les Bains"]
[Date "1991.??.??"]
[Round "2"]
[White "Gutman, Lev"]
[Black "Pytel, Krzysztof"]
[Result "1/2-1/2"]
[WhiteElo "2445"]
[BlackElo "2410"]
[PlyCount "98"]
[EventDate "1991.??.??"]
[Source "www.chesslib.no"]
[SourceDate "2004.05.04"]

1. d4 Nf6 2. c4 g6 3. Nc3 Bg7 4. e4 d6 5. Be2 O-O 6. Be3 c5 7. e5 dxe5 8. dxe5 Nfd7 9. f4 Nc6 10. Nf3 f6 11. exf6 Bxf6 12. O-O Qa5 13. Ne4 Bxb2 14. Rb1 Qa3 15. Qd2 Bf6 16. Rb3 Qa5 17. Qd5+ Kg7 18. a3 Nb6 19. Qxc5 Qxc5 20. Bxc5 Rd8 21. Nxf6 exf6 22. Rc1 Nd7 23. Bf2 Nf8 24. c5 Ne6 25. g3 Nc7 26. Rd1 Rxd1+ 27. Bxd1 Rb8 28. Nd4 Nxd4 29. Bxd4 Be6 30. Rd3 Kf7 31. Bf2 Bd5 32. g4 Re8 33. f5 Bc6 34. Bg3 Na6 35. Bd6 Kg7 36. Kf2 Rd8 37. Ke3 Nb8 38. Bb3 Nd7 39. Be6 Ne5 40. Rd4 Nf3 41. Rb4 Ng5 42. h4 Nf7 43. Rd4 h6 44. Rd2 g5 45. hxg5 Nxg5 46. Kf4 Nh3+ 47. Ke3 Ng5 48. Kf4 Nh3+ 49. Ke3 Ng5 1/2-1/2

[Event "Velden Open"]
[Site "Velden GER"]
[Date "1994.??.??"]
[Round "6"]
[White "Stanec, Nikolaus"]
[Black "Wittmann, Walter"]
[Result "1-0"]
[WhiteElo "2460"]
[BlackElo "2390"]
[PlyCount "105"]
[EventDate "1994.07.??"]
[Source "www.chesslib.no"]
[SourceDate "2004.05.04"]

1. d4 Nf6 2. c4 g6 3. Nc3 Bg7 4. e4 d6 5. Be2 O-O 6. Be3 c5 7. e5 dxe5 8. dxe5 Qxd1+ 9. Rxd1 Nfd7 10. f4 Na6 11. Bf3 Re8 12. Rxd7 Bxd7 13. Bxb7 Nb4 14. Bxa8 Nc2+ 15. Kd2 Nxe3 16. Kxe3 Rxa8 17. Nf3 f6 18. Ne4 Rc8 19. Rd1 Be6 20. b3 h6 21. exf6 Bxf6 22. Nxf6+ exf6 23. Rd6 Kf7 24. h3 h5 25. Nd2 Re8 26. Kf3 Bf5 27. Rd5 Bc2 28. Kf2 Re7 29. Nf3 Rc7 30. Rd6 Bb1 31. Ra6 Bf5 32. Ng1 Bd3 33. Ne2 Bxe2 34. Kxe2 h4 35. Kf3 f5 36. g3 hxg3 37. Kxg3 Kg7 38. Kh4 Kh6 39. Ra5 Rd7 40. Rxc5 Rd3 41. Ra5 Rf3 42. Rxa7 Rxf4+ 43. Kg3 Rd4 44. c5 Rd3+ 45. Kf4 Rxh3 46. c6 Rc3 47. c7 Rc5 48. b4 g5+ 49. Ke3 f4+ 50. Kd2 Rc4 51. b5 f3 52. Ra6+ Kg7 53. Rc6 1-0

[Event "TCh-AUT"]
[Site "Graz"]
[Date "2004.11.21"]
[Round "3"]
[White "Pilaj, Herwig"]
[Black "Brestian, Egon"]
[Result "1/2-1/2"]
[WhiteElo "2431"]
[BlackElo "2415"]
[PlyCount "35"]
[EventDate "2004.11.19"]
[Source "Roberto Alvarez"]
[SourceDate "2004.11.22"]

1. d4 Nf6 2. c4 g6 3. Nc3 Bg7 4. e4 d6 5. Be2 O-O 6. Be3 Na6 7. Nf3 c5 8. O-O cxd4 9. Nxd4 Nc5 10. f3 Ne6 11. Qd2 Nxd4 12. Bxd4 Be6 13. Kh1 Nd7 14. Bxg7 Kxg7 15. f4 f6 16. Nb5 Bg8 17. b3 a6 18. Nc3 1/2-1/2

[Event "Marostica Open"]
[Site "Marostica"]
[Date "1993.??.??"]
[Round "8"]
[White "Efimov, Igor"]
[Black "Mrdja, Milan"]
[Result "1-0"]
[WhiteElo "2490"]
[BlackElo "2355"]
[PlyCount "89"]
[EventDate "1993.??.??"]
[Source "www.chesslib.no"]
[SourceDate "2004.05.04"]

1. d4 Nf6 2. c4 g6 3. Nc3 Bg7 4. e4 d6 5. Be2 O-O 6. Be3 Na6 7. Nf3 c5 8. O-O Bg4 9. h3 cxd4 10. Bxd4 Bxf3 11. Bxf3 e5 12. Be3 Nc5 13. Nb5 Ncxe4 14. Bxa7 d5 15. Bxe4 Nxe4 16. Qxd5 Qxd5 17. cxd5 Rfd8 18. Be3 Rd7 19. Rfd1 f5 20. a4 Nd6 21. Nxd6 Rxd6 22. b4 e4 23. Rac1 Rd7 24. a5 Be5 25. Bb6 Kf7 26. Rc4 h5 27. Kf1 Bd6 28. Ke2 Kf6 29. b5 g5 30. Ra4 Bc7 31. Bxc7 Rxc7 32. a6 bxa6 33. Rxa6+ Rxa6 34. bxa6 Rd7 35. Ra1 Ra7 36. Ra5 Ke5 37. Ke3 f4+ 38. Ke2 g4 39. hxg4 hxg4 40. g3 fxg3 41. fxg3 Kd4 42. Kd2 Kc4 43. Ke3 Kb4 44. Ra1 Kc5 45. Kxe4 1-0

[Event "New York op"]
[Site "New York"]
[Date "1997.??.??"]
[Round "1"]
[White "Santa Torres, Juan"]
[Black "Bologan, Viktor"]
[Result "0-1"]
[WhiteElo "2255"]
[BlackElo "2575"]
[PlyCount "82"]
[EventDate "1997.04.02"]
[Source "www.chesslib.no"]
[SourceDate "2004.05.04"]

1. d4 Nf6 2. c4 g6 3. Nc3 Bg7 4. e4 d6 5. Be2 O-O 6. Be3 Nbd7 7. Nf3 Ng4 8. Bg5 h6 9. Bh4 c5 10. d5 Qb6 11. Qd2 Ngf6 12. O-O g5 13. Bg3 Nh5 14. h4 Nxg3 15. fxg3 g4 16. Nh2 Ne5 17. Nd1 Qb4 18. Qxb4 cxb4 19. Ne3 h5 20. Nf5 Ng6 21. Nxg7 Kxg7 22. Rf2 f5 23. exf5 Bxf5 24. a3 bxa3 25. Rxa3 b6 26. Nf1 Ne5 27. Ne3 Bd7 28. Rxf8 Kxf8 29. Nd1 a5 30. Rb3 Ba4 31. Rc3 Bxd1 32. Bxd1 Rc8 33. Bb3 Rc5 34. Kf2 b5 35. cxb5 Rxb5 36. Ke3 Rb4 37. Bc2 Rxb2 38. Kf4 a4 39. Bxa4 Rb4+ 40. Kg5 Rxa4 41. Kxh5 Ra5 0-1

[Event "Salamanca"]
[Site "Salamanca"]
[Date "1991.??.??"]
[Round "10"]
[White "Gomez Esteban, Juan Mario"]
[Black "San Segundo Carrillo, Pablo"]
[Result "0-1"]
[WhiteElo "2400"]
[BlackElo "2430"]
[PlyCount "88"]
[EventDate "1991.04.??"]
[Source "ChessBase"]

1. d4 Nf6 2. c4 g6 3. Nc3 Bg7 4. e4 d6 5. Be2 O-O 6. Be3 c5 7. dxc5 Qa5 8. Bd2 Qxc5 9. Nf3 Bg4 10. O-O Nbd7 11. b3 a6 12. Rc1 Rac8 13. h3 Bxf3 14. Bxf3 Qc7 15. Re1 Nc5 16. Be3 Rfe8 17. b4 Ncd7 18. Be2 b6 19. Bf1 Qb7 20. Bg5 h6 21. Bd2 Ne5 22. Qb3 g5 23. Nd5 e6 24. Nxf6+ Bxf6 25. Be3 Rb8 26. Qd1 Kg7 27. Qh5 Ng6 28. g3 Qc6 29. b5 Qa8 30. Bg2 Qa7 31. f4 Rh8 32. Rf1 axb5 33. cxb5 Qxa2 34. e5 dxe5 35. f5 exf5 36. Rxf5 Qa3 37. Re1 Qc3 38. Qe2 Ne7 39. Rff1 Rhd8 40. Qf2 Rd6 41. Rc1 Qd3 42. Rc7 Nd5 43. Bxd5 Qxd5 44. Ra1 Rb7 0-1

[Event "Novi Sad"]
[Site "Novi Sad"]
[Date "1981.??.??"]
[Round "10"]
[White "Popov, Luben"]
[Black "Petrovic, Vojislav"]
[Result "1/2-1/2"]
[WhiteElo "2465"]
[BlackElo "2355"]
[PlyCount "70"]
[EventDate "1981.03.??"]
[Source "ChessBase"]

1. d4 Nf6 2. c4 g6 3. Nc3 Bg7 4. e4 d6 5. Be2 O-O 6. Be3 c5 7. d5 Qa5 8. Qd2 e6 9. Nf3 exd5 10. cxd5 Bg4 11. O-O a6 12. a4 Qc7 13. Bg5 Bxf3 14. Bxf3 Nbd7 15. Be2 Rfe8 16. Qc2 c4 17. Rfe1 Rac8 18. Bf1 Nc5 19. Rad1 Nfd7 20. f4 b5 21. axb5 axb5 22. e5 b4 23. Ne4 Nxe4 24. Rxe4 c3 25. bxc3 bxc3 26. Kh1 dxe5 27. d6 Qb7 28. Rb1 Qd5 29. Bb5 Qxd6 30. Rd1 Qxd1+ 31. Qxd1 c2 32. Qc1 exf4 33. Rxe8+ Rxe8 34. Bxf4 Bb2 35. Qf1 Rc8 1/2-1/2

[Event "Hungary HUN"]
[Site "?"]
[Date "2006.02.12"]
[Round "7"]
[White "Petran Pal"]
[Black "Szuk Balazs"]
[Result "1-0"]
[WhiteElo "2426"]
[BlackElo "2392"]
[PlyCount "63"]
[EventDate "2006.??.??"]
[Source "www.chesslib.no"]
[SourceDate "2004.05.04"]

1. d4 Nf6 2. c4 g6 3. Nc3 Bg7 4. e4 d6 5. Be2 O-O 6. Be3 c5 7. d5 e6 8. dxe6 Bxe6 9. Nf3 Re8 10. O-O Bg4 11. h3 Bxf3 12. Bxf3 Nc6 13. Re1 Ne5 14. Be2 Nc6 15. Bd3 Nh5 16. Nd5 Nf6 17. Bg5 h6 18. Bh4 Re6 19. f4 Ne7 20. Qf3 Qd7 21. a4 Nc6 22. Kh1 Rae8 23. Bxf6 Bxf6 24. f5 gxf5 25. e5 Nxe5 26. Qxf5 Bg7 27. Qh7+ Kf8 28. Bf5 Nxc4 29. Bxe6 Rxe6 30. Nf4 Re5 31. Rxe5 Bxe5 32. Ng6+ 1-0

[Event "Illichevsk"]
[Site "?"]
[Date "2006.07.24"]
[Round "5"]
[White "Zavgorodniy Sergiy"]
[Black "Vovk Andrey"]
[Result "0-1"]
[WhiteElo "2430"]
[BlackElo "2388"]
[PlyCount "88"]
[EventDate "2006.??.??"]
[Source "www.chesslib.no"]
[SourceDate "2004.05.04"]

1. c4 Nf6 2. Nc3 g6 3. d4 Bg7 4. e4 d6 5. Be2 O-O 6. Be3 e5 7. d5 a5 8. g4 Na6 9. f3 Ne8 10. Qd2 f5 11. gxf5 gxf5 12. O-O-O Nf6 13. Bd3 Nb4 14. Nge2 Nxd3+ 15. Qxd3 fxe4 16. Nxe4 Nxe4 17. fxe4 Rf3 18. Rhg1 Qh4 19. Rg3 Rxg3 20. hxg3 Qh2 21. Nc3 Bg4 22. Rg1 Bh6 23. Re1 Qxg3 24. Qd2 Bxe3 25. Rxe3 Qf4 26. Kc2 Rf8 27. Kb3 b6 28. Ka3 h5 29. b3 Kg7 30. Nb5 Rf7 31. Qe1 Kg6 32. Na7 Qf2 33. Qc3 h4 34. Nc6 Qh2 35. Re1 Rf2 36. Ka4 Rc2 37. Qe3 Re2 38. Ne7+ Kh5 39. Rxe2 Qxe2 40. Qc1 h3 41. Ng8 Kh4 42. Ne7 h2 43. Qh6+ Kg3 44. Ng6 Qxe4 0-1

[Event "Cappelle Open"]
[Site "Cappelle la Grande FRA"]
[Date "1991.??.??"]
[Round "6"]
[White "Sadler, Matthew"]
[Black "Lane, Gary W"]
[Result "1-0"]
[WhiteElo "2440"]
[BlackElo "2370"]
[PlyCount "75"]
[EventDate "1991.02.??"]
[Source "www.chesslib.no"]
[SourceDate "2004.05.04"]

1. d4 Nf6 2. c4 g6 3. Nc3 Bg7 4. e4 d6 5. Be2 O-O 6. Be3 e5 7. d5 a5 8. g4 Na6 9. h4 Bd7 10. Nh3 Rc8 11. h5 c6 12. f3 cxd5 13. cxd5 Nc5 14. Nf2 a4 15. Qd2 Qa5 16. Nb5 Qxd2+ 17. Kxd2 Ne8 18. Rac1 b6 19. Na3 f5 20. hxg6 hxg6 21. gxf5 gxf5 22. Nc4 Rb8 23. Rhg1 Rf7 24. Rg6 Rf6 25. Rxf6 Bxf6 26. Bf1 Bh4 27. Nd3 fxe4 28. Nxc5 bxc5 29. fxe4 Bb5 30. Kc2 Be7 31. Na5 Bxf1 32. Rxf1 Bf6 33. Nc4 Be7 34. Bd2 Kg7 35. Ne3 Bf8 36. Nf5+ Kg8 37. Rf3 Nc7 38. Bh6 1-0

[Event "Ubeda op 5th"]
[Site "Ubeda"]
[Date "2000.01.21"]
[Round "3"]
[White "Fernandez Romero, Ernesto"]
[Black "Rashkovsky, Nukhim N"]
[Result "1/2-1/2"]
[WhiteElo "2285"]
[BlackElo "2523"]
[PlyCount "36"]
[EventDate "2000.01.19"]
[Source "ChessBase"]
[SourceDate "2000.04.05"]

1. e4 g6 2. d4 Bg7 3. c4 d6 4. Nc3 Nf6 5. Be2 O-O 6. Be3 c5 7. e5 Ne8 8. dxc5 Bxe5 9. Qb3 dxc5 10. Bxc5 Nc6 11. Nf3 Qa5 12. Nxe5 Qxc5 13. Nxc6 bxc6 14. O-O Nd6 15. Na4 Qa5 16. Qa3 Nf5 17. b4 Qe5 18. Rae1 Rb8 1/2-1/2

[Event "Master 25' rd"]
[Site "Corridonia"]
[Date "2000.05.21"]
[Round "3.1"]
[White "Vezzosi, Paolo"]
[Black "Arlandi, Ennio"]
[Result "1-0"]
[WhiteElo "2360"]
[BlackElo "2448"]
[PlyCount "63"]
[EventDate "2000.05.20"]
[Source "www.chesslib.no"]
[SourceDate "2004.05.04"]

1. c4 g6 2. Nc3 Bg7 3. d4 d6 4. e4 Nf6 5. Be2 O-O 6. Be3 Nbd7 7. Rc1 e5 8. d5 Nc5 9. Qc2 a5 10. b3 Ng4 11. Bxg4 Bxg4 12. f3 Bd7 13. Nge2 f5 14. O-O f4 15. Bf2 g5 16. Kh1 h5 17. a3 Rf6 18. b4 axb4 19. axb4 Na6 20. Qb3 Rg6 21. c5 g4 22. c6 bxc6 23. dxc6+ Be6 24. Nd5 Rb8 25. b5 g3 26. hxg3 fxg3 27. Nxg3 Bh6 28. Nf5 Bxc1 29. Rxc1 Qg5 30. Rg1 Kf7 31. Qa2 Nc5 32. Bh4 1-0

[Event "Aalborg Open"]
[Site "Aalborg DEN"]
[Date "1993.??.??"]
[Round "7"]
[White "Fries Nielsen, Jens Ove"]
[Black "Hansen, Sune Berg"]
[Result "1/2-1/2"]
[WhiteElo "2400"]
[BlackElo "2405"]
[PlyCount "26"]
[EventDate "1993.??.??"]
[Source "www.chesslib.no"]
[SourceDate "2004.05.04"]

1. d4 Nf6 2. c4 g6 3. Nc3 Bg7 4. e4 d6 5. Be2 O-O 6. Be3 e5 7. d5 Na6 8. g4 Nc5 9. f3 a5 10. h4 h5 11. g5 Nh7 12. Qd2 a4 13. O-O-O Qe7 1/2-1/2

[Event "Copenhagen OBRO"]
[Site "Copenhagen DEN"]
[Date "1993.??.??"]
[Round "6"]
[White "Christensen, Tobias"]
[Black "Hutters, Tomas"]
[Result "1-0"]
[WhiteElo "2375"]
[BlackElo "2430"]
[PlyCount "85"]
[EventDate "1993.??.??"]
[Source "www.chesslib.no"]
[SourceDate "2004.05.04"]

1. d4 g6 2. c4 Bg7 3. e4 d6 4. Be2 Nf6 5. Nc3 O-O 6. Be3 c5 7. e5 dxe5 8. dxe5 Qxd1+ 9. Rxd1 Ng4 10. Bxc5 Nxe5 11. Nd5 Nbc6 12. f4 Ng4 13. h3 Nf6 14. Bf3 Bf5 15. Ne2 Bc2 16. Rd2 Ne4 17. Bxe7 Nxd2 18. Kxd2 Bf5 19. Bxf8 Kxf8 20. Nec3 Rd8 21. b3 Nd4 22. Be4 Be6 23. g3 b5 24. Kd3 bxc4+ 25. bxc4 Nc6 26. a3 Ne7 27. g4 Bxc3 28. Kxc3 Bxd5 29. cxd5 Nxd5+ 30. Bxd5 Rxd5 31. Re1 Rd7 32. a4 h6 33. Kc4 Rb7 34. Re5 Rb2 35. a5 Rf2 36. Kb5 Rxf4 37. Ka6 f5 38. Kxa7 fxg4 39. hxg4 Rxg4 40. Kb6 Rf4 41. a6 Rf6+ 42. Ka5 Rf5 43. Rxf5+ 1-0

[Event "Hoogovens-B+"]
[Site "Wijk aan Zee NED"]
[Date "1973.01.??"]
[Round "4"]
[White "Van Scheltinga, Theo D"]
[Black "Ghitescu, Theodor"]
[Result "1/2-1/2"]
[WhiteElo "2330"]
[BlackElo "2455"]
[PlyCount "77"]
[EventDate "1973.01.??"]
[Source "www.chesslib.no"]
[SourceDate "2004.05.04"]

1. d4 Nf6 2. c4 g6 3. Nc3 Bg7 4. e4 d6 5. Be2 O-O 6. Be3 e5 7. d5 Nbd7 8. h3 Nc5 9. Qc2 c6 10. g4 cxd5 11. cxd5 Bd7 12. g5 Nh5 13. Bxh5 gxh5 14. b4 Na6 15. Qb3 f5 16. gxf6 Qxf6 17. Kd2 Bh6 18. Nge2 Kh8 19. Rag1 Rg8 20. f4 Rxg1 21. Rxg1 Bxh3 22. Kd3 Rg8 23. fxe5 Qf3 24. Nd1 Rxg1 25. Nxg1 Bf1+ 26. Kd2 Qg2+ 27. Ke1 Bb5 28. Bxh6 Qxg1+ 29. Kd2 Qd4+ 30. Kc1 Nxb4 31. Be3 Qxe4 32. exd6 Nd3+ 33. Kd2 Qb4+ 34. Qc3+ Kg8 35. d7 Bxd7 36. Kxd3 Qb1+ 37. Kd2 Qxa2+ 38. Kc1 Qxd5 39. Bxa7 1/2-1/2

[Event "Wch U20"]
[Site "Halle"]
[Date "1995.??.??"]
[Round "1"]
[White "Kumaran, Dharshan"]
[Black "Riegler, Primoz"]
[Result "1/2-1/2"]
[WhiteElo "2500"]
[BlackElo "2285"]
[PlyCount "45"]
[EventDate "1995.09.??"]
[Source "ChessBase"]

1. d4 Nf6 2. c4 g6 3. Nc3 Bg7 4. e4 d6 5. Be2 O-O 6. Be3 Na6 7. Nf3 e5 8. O-O Ng4 9. Bg5 f6 10. Bh4 c6 11. d5 c5 12. Nd2 h5 13. a3 Nh6 14. f3 Nf7 15. Rb1 Bh6 16. b4 Bd7 17. Kh1 b6 18. Nb5 Kg7 19. bxc5 Nxc5 20. Nb3 a6 21. Nxc5 bxc5 22. Nc3 Qc7 23. Qc2 1/2-1/2

[Event "HUN-chT1 9697"]
[Site "Hungary"]
[Date "1996.??.??"]
[Round "3"]
[White "Sarosi, Zoltan"]
[Black "Peter, Ambrus"]
[Result "1/2-1/2"]
[WhiteElo "2355"]
[BlackElo "2415"]
[PlyCount "62"]
[EventDate "1996.??.??"]
[Source "www.chesslib.no"]
[SourceDate "2004.05.04"]

1. d4 Nf6 2. c4 g6 3. Nc3 Bg7 4. e4 d6 5. Be2 O-O 6. Be3 e5 7. d5 Na6 8. g4 Nc5 9. f3 a5 10. Qd2 Ne8 11. h4 f5 12. g5 a4 13. Nh3 Bd7 14. O-O-O a3 15. b3 Qc8 16. Nf2 Nxb3+ 17. axb3 f4 18. h5 fxe3 19. Qxe3 Rf4 20. Kb1 Qd8 21. hxg6 hxg6 22. Rdg1 c5 23. dxc6 bxc6 24. Ka2 Nc7 25. Nd3 Rf7 26. c5 d5 27. exd5 e4 28. Nb4 cxd5 29. Nbxd5 Nxd5 30. Nxd5 Be6 31. fxe4 Qb8 1/2-1/2

[Event "Premier League"]
[Site "Belgrade"]
[Date "2004.09.26"]
[Round "2"]
[White "Bakic, Rados"]
[Black "Zakic, Srdjan"]
[Result "1-0"]
[WhiteElo "2392"]
[BlackElo "2366"]
[PlyCount "103"]
[EventDate "2004.09.25"]
[Source "Roberto Alvarez"]
[SourceDate "2004.10.05"]

1. d4 Nf6 2. c4 g6 3. Nc3 Bg7 4. e4 d6 5. Be2 O-O 6. Be3 c6 7. Nf3 Na6 8. Nd2 e5 9. d5 c5 10. h4 Ne8 11. g4 Nac7 12. Nf1 h6 13. h5 g5 14. a3 Bd7 15. b4 b6 16. Ng3 Qc8 17. O-O Bf6 18. f3 Ng7 19. Bd3 Qa6 20. Rf2 Rfb8 21. Rb2 Qc8 22. Kg2 Bd8 23. Rab1 a6 24. Bc2 Nce8 25. Qd3 Nf6 26. Bd1 Bc7 27. Be2 Bd8 28. Qd1 Bc7 29. Nh1 Bd8 30. Nf2 Bc7 31. Nd3 Bd8 32. Rb3 Bc7 33. R1b2 Qe8 34. bxc5 bxc5 35. Rxb8 Rxb8 36. Qb1 Rxb2 37. Qxb2 Qb8 38. Qxb8+ Bxb8 39. Bd1 Bc7 40. Ba4 Bxa4 41. Nxa4 Nd7 42. Bxc5 dxc5 43. Ndxc5 Nxc5 44. Nxc5 Bd6 45. Nxa6 Bxa3 46. c5 Kf8 47. Kf2 Ke7 48. Ke3 Kd7 49. Kd3 Ne8 50. Kc4 Kc8 51. Kb3 Bc1 52. Nb4 1-0

[Event "Hoogovens-B"]
[Site "Wijk aan Zee"]
[Date "1972.??.??"]
[Round "?"]
[White "Van Scheltinga, Theo D"]
[Black "Medina Garcia, Antonio Angel"]
[Result "1-0"]
[WhiteElo "2360"]
[BlackElo "2380"]
[PlyCount "57"]
[EventDate "1972.??.??"]
[Source "ChessBase"]

1. d4 Nf6 2. c4 g6 3. Nc3 Bg7 4. e4 d6 5. Be2 O-O 6. Be3 e5 7. d5 a5 8. g4 Na6 9. g5 Ne8 10. h4 f5 11. gxf6 Qxf6 12. Qd2 Nc5 13. O-O-O Bd7 14. h5 g5 15. h6 Bxh6 16. Nh3 Bxh3 17. Rxh3 Bg7 18. Bxg5 Qxf2 19. Be3 Qg2 20. Rh4 Qg3 21. Rg4 Qh3 22. Rdg1 Rf7 23. Bg5 Qh2 24. R4g2 Qh3 25. Kc2 h5 26. Bd1 c6 27. Rh2 Qd7 28. Rxh5 Rf8 29. Bh6 1-0

[Event "Acropolis MI"]
[Site "?"]
[Date "2005.03.10"]
[Round "5"]
[White "Nikolaidis Ioannis"]
[Black "Klokas Konstantinos"]
[Result "1-0"]
[WhiteElo "2520"]
[BlackElo "2216"]
[PlyCount "79"]
[EventDate "2005.??.??"]
[Source "www.chesslib.no"]
[SourceDate "2004.05.04"]

1. d4 Nf6 2. c4 g6 3. Nc3 Bg7 4. e4 d6 5. Be2 O-O 6. Be3 Na6 7. Nf3 c5 8. d5 Nc7 9. O-O a6 10. a4 b6 11. h3 Bd7 12. Qc2 Rb8 13. Rab1 b5 14. b4 cxb4 15. Rxb4 a5 16. Rxb5 Nxb5 17. axb5 e5 18. Nd2 Qc8 19. Nb3 Bxb5 20. cxb5 Nxe4 21. Rc1 Nxc3 22. Qxc3 Qxc3 23. Rxc3 a4 24. Nc1 e4 25. Rc6 Be5 26. Ra6 f5 27. Rxa4 f4 28. Bd2 f3 29. gxf3 exf3 30. Bf1 Rf5 31. Be3 g5 32. Nd3 Rxb5 33. Nxe5 Rb1 34. Ra8+ Kg7 35. Ra7+ Kg8 36. Ng4 Kf8 37. Rxh7 Rxd5 38. Nh2 Rdd1 39. Bxg5 d5 40. h4 1-0

[Event "FSIM July"]
[Site "Budapest"]
[Date "2003.07.16"]
[Round "12"]
[White "Reiss, Tibor"]
[Black "Dembo, Yelena"]
[Result "1-0"]
[WhiteElo "2343"]
[BlackElo "2390"]
[PlyCount "77"]
[EventDate "2003.07.05"]
[Source "Roberto Alvarez"]
[SourceDate "2003.08.04"]

1. d4 Nf6 2. c4 g6 3. Nc3 Bg7 4. e4 d6 5. Be2 O-O 6. Be3 e5 7. d5 a5 8. g4 Ne8 9. Qd2 f5 10. gxf5 gxf5 11. exf5 Bxf5 12. Nf3 Na6 13. Rg1 Kh8 14. O-O-O c6 15. Bg5 Qd7 16. dxc6 bxc6 17. Nh4 Nc5 18. Be3 Ne4 19. Nxe4 Bxe4 20. f3 Bf5 21. Nxf5 Qxf5 22. Rg3 d5 23. Bd3 Qe6 24. Rdg1 dxc4 25. Bb1 c3 26. Qxc3 Rb8 27. Qxa5 Rf4 28. Bxf4 exf4 29. Rxg7 Nxg7 30. Qc3 Qe7 31. Be4 Qa7 32. Rg2 Rd8 33. a3 Qf7 34. Rd2 Rb8 35. Rd6 Qh5 36. Rxc6 Qh3 37. Kb1 Re8 38. Rc7 Qg2 39. Rc8 1-0

[Event "Cappelle Open"]
[Site "Cappelle la Grande FRA"]
[Date "1992.??.??"]
[Round "8"]
[White "Sadler, Matthew"]
[Black "Koskinen, Henri"]
[Result "1-0"]
[WhiteElo "2485"]
[BlackElo "2245"]
[PlyCount "65"]
[EventDate "1992.02.??"]
[Source "www.chesslib.no"]
[SourceDate "2004.05.04"]

1. d4 Nf6 2. c4 g6 3. Nc3 Bg7 4. e4 d6 5. Be2 O-O 6. Be3 e5 7. d5 Qe7 8. g4 Ne8 9. h4 f5 10. gxf5 gxf5 11. exf5 Bxf5 12. h5 Nd7 13. Bg4 Bxg4 14. Qxg4 Kh8 15. Nge2 Rg8 16. Ne4 Bf6 17. Qf3 Nc5 18. N2g3 Nd3+ 19. Kf1 Nf4 20. Re1 Qf8 21. h6 c6 22. dxc6 bxc6 23. Nh5 Nxh5 24. Rxh5 Qf7 25. b3 Qg6 26. Rf5 Bd8 27. Rd1 d5 28. Ng5 Nf6 29. Rxe5 Bb6 30. c5 Rgf8 31. Rf5 Bd8 32. Bd4 Be7 33. Re1 1-0